| 000 | 01208nam a2200241 i 4500 | ||
|---|---|---|---|
| 001 | 165133 | ||
| 003 | ES-MaACL | ||
| 005 | 20250815062611.0 | ||
| 008 | 950111m18301838sp |||| | spa d | ||
| 040 |
_aEUS _bspa _cEUS |
||
| 100 | 1 |
_aSégur, Paul Philippe Ségur _cConde de. _9133091 |
|
| 245 | 1 | 0 |
_aHistoria Universal / _cpor el Conde de Segur ; traducida al español por Alberto Lista con correcciones, notas y adiciones. |
| 260 |
_aMadrid : _b[s.n.], _c1830-1838 ( _fOficina de D. L. Amarita [etc.]) |
||
| 300 |
_a30 v. ; _c17 cm. |
||
| 500 | _aLos cinco últimos tomos constituyen la "Historia de España" por Alberto Lista. | ||
| 505 | 8 | _aContiene: T. I-VIII. Historia antigua -- T. IX-XX. Historia moderna -- T. XXI-XXV. Historia de Francia -- T. XXVI-XXX. Historia de España | |
| 596 | _aCambios de imp.: t.1: Oficina de Amarita ; t. 2-5: D. F. Moreno ; t. 6-13: Oficina de D. J. Palacios ; t. 14-20: Tomás Jordan ; t. 21-23: José Palacios ; t. 24-30: Imp. de la Real Compañia. | ||
| 650 | 7 |
_aHistoria universal _2embne _913429 |
|
| 700 | 1 |
_aLista y Aragón, Alberto, _d1775-1848 _972559 |
|
| 852 |
_aES-MaACL _jC-17833-62 _z-- Enc. hol. |
||
| 999 |
_c165133 _d165133 |
||